Évolution du chômage de longue durée en Slovaquie

Gespeichert in:
Bibliographische Detailangaben
1. Verfasser: Rublíková, Eva
Format: Buchkapitel
Sprache:Französisch
Tags: Tag hinzufügen
Keine Tags, Fügen Sie das erste Tag hinzu!

MARC

LEADER 00000naa$a2200000$$$4500
001 0095127
005 20240502072047.3
041 0 |a fre 
044 |a SK 
245 1 0 |a Évolution du chômage de longue durée en Slovaquie  |c Eva Rublíková 
100 1 |a Rublíková, Eva